Návrh opatrení na zlepšenie systému získavania a výberu zamestnancov v podniku Johns Manville Slovakia, a.s. Trnava = Improvement proposal of recruitment and selection system in joint-stock company Johns Manville Slovakia, Trnava : Bakalárska práca

Enregistré dans:
Détails bibliographiques
Auteur principal: Čížeková, Monika (Auteur)
Autres auteurs: Gyurák Babeľová, Zdenka, 1978- (xxx)
Format: Livre
Langue:slovaque
Publié: Trnava : STU v Bratislave MTF UPMK, 2007
Sujets:
Tags: Ajouter un tag
Pas de tags, Soyez le premier à ajouter un tag!

MARC

LEADER 00000nam a22000003a 4500
001 stu146377
005 20160719155653.7
008 071008s2007----xo------------------slo-d
040 |a STU  |b slo 
041 0 |a slo 
044 |a xo 
100 1 |a Čížeková, Monika  |4 aut 
245 1 |a Návrh opatrení na zlepšenie systému získavania a výberu zamestnancov v podniku Johns Manville Slovakia, a.s. Trnava = Improvement proposal of recruitment and selection system in joint-stock company Johns Manville Slovakia, Trnava :  |b Bakalárska práca 
260 |a Trnava :  |b STU v Bratislave MTF UPMK,  |c 2007 
300 |a 47 s  |c príl., 1 CD-ROM 
500 |a Odbor: priemyselné inžinierstvo a manažment 
650 7 |a personalistika  |2 stusub 
700 1 |a Gyurák Babeľová, Zdenka,  |d 1978-  |4 xxx  |u M4000  |U MTF Materiálovotechnologická fakulta  |T MTF Ústav priemyselného inžinierstva a manažmentu  |X 4411  |U M4000  |Y 84  |7 A000004411 
996 |b 284M066203  |c M*BP-2701  |l MMSKP  |s P  |a 0  |w stu146377_0001